00442nam a2200181Ia 4500003000400000005001700004008004100021040000700062041001200069082002200081100001700103245004400120260003500164365001200199440000600211650002100217650002200238OSt20250813180506.0210423s1993 xx 000 0 und d cAL aKannada a320.80954K bHOSK aAshoka Hosur aKarnataka panchayat raj adhiniyama 1993 aGadagbMaruthi Prakashanc1993 b70cINR v2 aLocal Government aPolitical Science